h1

h2

h3

h4

h5
h6
000046404 001__ 46404
000046404 005__ 20170717193145.0
000046404 020__ $$a3-8265-6583-5
000046404 0247_ $$2HSB$$aalm70005198x
000046404 037__ $$aRWTH-CONV-112060
000046404 041__ $$aGerman
000046404 1001_ $$0P:(DE-82)011865$$aKranz, Horst$$b0$$eAuthor
000046404 245__ $$aQuellen zum Lütticher Steinkohlenbergbau im Mittelalter : Urkunden - Register- und Rechnungseinträge - Bergrecht$$cbearb. von Horst Kranz$$f-$$hprint
000046404 250__ $$a1. Aufl.
000046404 260__ $$aAachen$$bShaker$$c2000
000046404 300__ $$a407 S. ; 22 cm
000046404 3367_ $$0PUB:(DE-HGF)13$$2PUB:(DE-HGF)$$aHabil / Postdoctoral Thesis (Non-german Habil)$$bhabil$$mhabil
000046404 3367_ $$02$$2EndNote$$aThesis
000046404 3367_ $$2DRIVER$$adoctoralThesis
000046404 3367_ $$2BibTeX$$aPHDTHESIS
000046404 3367_ $$2DataCite$$aOutput Types/Book
000046404 3367_ $$2ORCID$$aBOOK
000046404 4900_ $$aAachener Studien zur älteren Energiegeschichte$$vBd. 7
000046404 502__ $$aZugl.: Aachen, Techn. Hochsch., Habil.-Schr. H. Kranz, 2000$$gFak07
000046404 591__ $$aGermany
000046404 909CO $$ooai:publications.rwth-aachen.de:46404$$pVDB
000046404 9201_ $$0I:(DE-82)741210_20140620$$k741210$$lLehrstuhl für Mittlere Geschichte (N.N.) und Historisches Institut$$x0
000046404 961__ $$c2014-06-18$$x2007-08-16
000046404 970__ $$aalm70005198x
000046404 980__ $$ahabil
000046404 980__ $$aI:(DE-82)741210_20140620
000046404 980__ $$aVDB
000046404 980__ $$aUNRESTRICTED
000046404 980__ $$aConvertedRecord